Treat People With Kindness - Harry Styles (All Lyrics) - Statistics

General Stats
  • This quiz has been taken 25 times
  • The average score is 230 of 271
Answer Stats
Answer % Correct
a
100%
and
100%
(and
100%
can
100%
feel
100%
find
100%
go
100%
good
100%
I
100%
kindness
100%
kindness)
100%
maybe
100%
people
100%
place
100%
to
100%
treat
100%
we
100%
with
100%
all
94%
(all
94%
feeling
94%
got
94%
i'm
94%
it
94%
just
94%
(just
94%
in
89%
it's
83%
(it's
83%
on
83%
takin'
83%
the
83%
dancin'
78%
dreamin'
78%
keep
78%
my
78%
(oh
78%
up
78%
away
72%
for
72%
if
72%
of
72%
skin
72%
us
72%
(ah
67%
ah
67%
ah)
67%
another
67%
belong
67%
day
67%
day)
67%
deep
67%
floating
67%
friends
67%
okay
67%
okay,
67%
okay)
67%
pass
67%
sing
67%
song
67%
yeah
67%
yeah!)
67%
bit
61%
chances
61%
don't
61%
enough
61%
into
61%
is
61%
little
61%
need
61%
now
61%
now!)
61%
our
61%
second
61%
time
61%
time)
61%
we'll
61%
we're
61%
end
56%
ever
56%
giving
56%
here
56%
see
56%
they'll
56%
want
56%
answers
50%
auto
50%
automatic
50%
droppin'
50%
hey!
44%
long
44%
together
39%
more
28%
(one
28%
(ow!)
28%
No matching quizzes found
Score Distribution
Percent of People with Each Score
Percentile by Number Answered
Your Score History
You have not taken this quiz